Rangayana: Italiya Finland Holland pravasa. (Record no. 90085)

MARC details
000 -LEADER
fixed length control field 00697nam a2200205Ia 4500
003 - CONTROL NUMBER IDENTIFIER
control field OSt
005 - DATE AND TIME OF LATEST TRANSACTION
control field 20260424122619.0
008 - FIXED-LENGTH DATA ELEMENTS--GENERAL INFORMATION
fixed length control field 210210b1987 xxu||||| |||| 00| 0 eng d
040 ## - CATALOGING SOURCE
Transcribing agency AL
041 ## - LANGUAGE CODE
Language code of text/sound track or separate title Kannada
082 ## - DEWEY DECIMAL CLASSIFICATION NUMBER
Classification number 914.504K HARR
100 ## - MAIN ENTRY--PERSONAL NAME
Personal name HARIDASA BHATTA (Ku Shi).
Dates associated with a name ಹರಿದಾಸ ಭಟ್ಟ (ಕು ಶಿ)
9 (RLIN) 262590
245 ## - TITLE STATEMENT
Title Rangayana: Italiya Finland Holland pravasa.
Remainder of title ರಂಗಾಯಣ: ಇಟಾಲಿಯಾ ಫಿನ್‌ಲ್ಯಾಂಡ್ ಹಾಲೆಂಡ್ ಪ್ರವಾಸ.
260 ## - PUBLICATION, DISTRIBUTION, ETC.
Place of publication, distribution, etc. Maisuru
Name of publisher, distributor, etc. Gita Buk Haus
Date of publication, distribution, etc. 1987
300 ## - PHYSICAL DESCRIPTION
Extent 156
650 ## - SUBJECT ADDED ENTRY--TOPICAL TERM
Topical term or geographic name entry element Itally Finland Holland
9 (RLIN) 262591
690 ## - LOCAL SUBJECT ADDED ENTRY--TOPICAL TERM (OCLC, RLIN)
Topical term or geographic name as entry element Travel
9 (RLIN) 262592
906 ## - LOCAL DATA ELEMENT F, LDF (RLIN)
a 040249
942 ## - ADDED ENTRY ELEMENTS (KOHA)
Source of classification or shelving scheme Dewey Decimal Classification
Koha item type Book
Holdings
Withdrawn status Lost status Source of classification or shelving scheme Damaged status Not for loan Collection code Home library Current library Shelving location Date acquired Cost, normal purchase price Total Checkouts Full call number Barcode Date last seen Price effective from Koha item type
    Dewey Decimal Classification     General St Aloysius Library St Aloysius Library   02/17/2021 18.00   914.504K HARR 040249 02/17/2021 02/17/2021 Book